00366nam a2200121Ia 4500100002100000942000700021654001200028245006800040260002200108546001200130999001700142952008500159 aDuthie/Andrew G  cBK aASP.NET aMicrosoft ASP.NET programming with microsoft visual Basic C.NET bPearson Education aENGLISH c34313d34313 001040708CRCaCRCEbCRCEd2023-03-17l0o p15946r2023-03-17w2023-03-17yBK